000 004670000a22001690004500
041 0 _aENG
082 0 4 _aG 268.47 J762o
100 1 _aJones, Idris W.
245 1 0 _aOur church plans for adult education : A manual on administration / Idris W. Jones
260 _aPhiladelphia, PA., USA : Judson
300 _a76 Pag
001 7961
942 _cBK
999 _c38161
_d38161
336 _atexto
_btxt
_2rdacontent
337 _2rdamedia
_asin mediación
_bn
338 _2rdacarrier
_avolumen
_bnc